Vista normal Vista MARC

Entrada Materia (personas)

Número de registros utilizados en: 2

001 - CONTROL NUMBER

  • control field: 69178

003 - CONTROL NUMBER IDENTIFIER

  • control field: Co-BoUCM

005 - DATE AND TIME OF LATEST TRANSACTION

  • control field: 20150527065402.0

008 - FIXED-LENGTH DATA ELEMENTS

  • fixed length control field: 150527|| aca||aabn | a|a d

040 ## - CATALOGING SOURCE

  • Original cataloging agency: Co-BoUCM
  • Transcribing agency: Co-BoUCM

100 ## - HEADING--PERSONAL NAME

  • Personal name: Lyubomirsky, Sonja

670 ## - SOURCE DATA FOUND

  • Source citation: Work cat.: (Co-BoUCM)299348: Lyubomirsky, Sonja, La ciencia de la felicidad, 2008